| 000 | 00486nam a22001817a 4500 | ||
|---|---|---|---|
| 003 | CEME | ||
| 005 | 20210628202709.0 | ||
| 008 | 210125b xxu||||| |||| 00| 0 eng d | ||
| 020 | _a81-239-1089-4 | ||
| 040 | _c. | ||
| 082 | _a621.4021 SIN | ||
| 100 |
_aSinghal , S.C _961128 |
||
| 245 | _aProblems and solutions in engineering thermodynamics | ||
| 260 |
_aNEW DELHI _bCBS PUBLICATION _c2004 |
||
| 300 | _aV,600 P | ||
| 650 |
_aENGINEERING THERMODYNAMICS _959703 |
||
| 942 |
_cBK _2ddc |
||
| 999 |
_c570681 _d570681 |
||